Harum chempaka

Bibliographic Details
Main Author: Norhayati Berahim
Format: Book
Language:Malay
Published: Kajang, Selangor : NB , 2008
Subjects:

MARC

LEADER 00000cam a2200000 7i4500
001 0000022286
005 20090506.0
008 090506s my may
020 |a 9789834347369 ,   |c RM24.00 
040 |a INS 
090 0 0 |a PL5136   |b N67 2008 
100 0 |a Norhayati Berahim 
245 1 0 |a Harum chempaka   |c Norhayati Berahim 
260 |a Kajang, Selangor :   |b NB ,   |c 2008 
300 |a 683ms. :   |b 23cm 
650 0 |a Malay fiction 
999 |a 0000020865   |b BOOK   |c Open Shelf   |e Default branch 
999 |a 0000024784   |b BOOK   |c Open Shelf   |e Default branch